000 00163nam a2200073Ia 4500
008 170523s9999 xx 000 0 und d
100 _aKumar- Ashok
245 0 _aControl Systems
260 _aT.M.H.
999 _c12070
_d12070